000 01409nam a22003017a 4500
005 20081106101154.0
008 081106t xxu||||| |||| 00| 0 hin d
010 _aHIN-85418
020 _c450.00
_a817487593x
035 _aHN-57764
037 _bDBAD / PUB
040 _aDPL
_bHN
082 _a305.50954
100 _aपाण्डेय, गणेश
245 _aभारतीय सामाजिक व्यवस्था /
_cगणेश पाण्डेय
246 _aBhaartiya saamajika vayavasthaa
_bby Ganesh Pandey
260 _aनई दिल्ली
_bराधा पब्लिकेशन्स
_c2008
270 _a4231/1, अंसारी रोड़, दरियागंज
_bनई दिल्ली
_e110002
_k011-23247003, 23254306
300 _a278 पृ
_c22सेमी (सजिल्द)
650 _aजाति
_zभारत
650 _aCaste
_zIndia
650 _aसामाजिक वर्ग
_zभारत
650 _aSocial classes
_zIndia
651 _aभारत
_xसामाजिक स्थिति
651 _aIndia
_xSocial conditions
942 _2ddc
_cHN
_mपाण्डेय
_h305.50954
999 _c19709
_d19709